Založenie podniku a náležitosti s tým súvisiace bakalárska práca

Saved in:
Bibliographic Details
Main Author: Mireková, Dominika
Corporate Author: Fakulta podnikového manažmentu EU. Katedra podnikovohospodárska
Other Authors: Serina, Pavol
Format: Book
Language:Slovak
Published: Bratislava 2010
Tags: Add Tag
No Tags, Be the first to tag this record!

MARC

LEADER 00000nbm a2200000 4500
001 0133421
005 20161109111525.8
041 0 |a slo 
044 |a SK 
245 1 0 |a Založenie podniku a náležitosti s tým súvisiace  |b bakalárska práca  |c Dominika Mireková ; školiteľ: Pavol Serina 
264 1 |a Bratislava  |c 2010 
300 |a 49 s. 
100 1 |a Mireková, Dominika 
700 1 |a Serina, Pavol 
710 2 |a Fakulta podnikového manažmentu EU. Katedra podnikovohospodárska